000 00282nam a22001217a 4500
008 170303b xxu||||| |||| 00| 0 eng d
041 _aeng
080 _a616,073
100 _a6
101 _aSHM
245 _aRADIONUCLIDE SCINTIGRAPHY ORTHOPAEDICS
_cGALASKO.C.S.B
942 _2udc
_cBK
999 _c6704
_d6704